03506 2201621 4500001002100000005001500021035002000036007000300056008004100059020002200100082000800122084001400130100002100144245008800165260003000253300003000283650001100313990001300324990001300337990001300350990001300363990001300376990001300389990001300402990001300415990001300428990001300441990001300454990001300467990001300480990001300493990001300506990001300519990001300532990001300545990001300558990001300571990001300584990001300597990001300610990001300623990001300636990001300649990001300662990001300675990001300688990001300701990001300714990001300727990001300740990001300753990001300766990001300779990001300792990001300805990001300818990001300831990001300844990001300857990001300870990001300883990001300896990001300909990001300922990001300935990001300948990001300961990001300974990001300987990001301000990001301013990001301026990001301039990001301052990001301065990001301078990001301091990001301104990001301117990001301130990001301143990001301156990001301169990001301182990001301195990001301208990001301221990001301234990001301247990001301260990001301273990001301286990001301299990001301312990001301325990001301338990001301351990001301364990001301377990001301390990001301403990001301416990001301429990001301442990001301455990001301468990001301481990001301494990001301507990001301520990001301533990001301546990001301559990001301572990001301585990001301598990001301611990001301624990001301637990001301650990001301663990001301676990001301689990001301702990001301715990001301728990001301741990001301754990001301767990001301780990001301793990001301806990001301819990001301832990001301845990001301858990001301871INLIS00000000000096220230225072250 a0010-0223000187ta230225 g 0 ind  a978-602-241-467-4 a530 a530 MAR f0 aMarthen Kanginan1 aFISIKA kelas XII :bKelompok peminatan matematika dan ilmu alam /cMarthen Kanginan aCimahi :bErlangga,c2015 a535 hlm. :bIlus ;c25 cm 4aFISIKA a08290829 a08290829 a08290829 a08290829 a08290829 a08290829 a08290829 a08290829 a08290829 a08290829 a08290829 a08290829 a08290829 a08290829 a08290829 a08290829 a08290829 a08290829 a08290829 a08290829 a04990499 a04990499 a04990499 a04990499 a04990499 a04990499 a04990499 a04990499 a04990499 a04990499 a04990499 a04990499 a04990499 a04990499 a04990499 a04990499 a04990499 a04990499 a04990499 a04990499 a04990499 a04990499 a04990499 a04990499 a04990499 a04990499 a04990499 a04990499 a04990499 a04990499 a04990499 a04990499 a04990499 a04990499 a04990499 a04990499 a04990499 a04990499 a04990499 a04990499 a04990499 a04990499 a04990499 a04990499 a04990499 a04990499 a04990499 a04990499 a04990499 a04990499 a04990499 a04990499 a04990499 a04990499 a04990499 a04990499 a04990499 a04990499 a04990499 a04990499 a04990499 a04990499 a04990499 a04990499 a04990499 a04990499 a04990499 a04990499 a04990499 a04990499 a04990499 a04990499 a04990499 a04990499 a04990499 a04990499 a04990499 a04990499 a04990499 a04990499 a04990499 a04990499 a04990499 a04990499 a04990499 a04990499 a04990499 a04990499 a04990499 a04990499 a04990499 a04990499 a04990499 a04990499 a04990499 a04990499 a04990499 a04990499 a04990499 a04990499